Catálogo
 En Linea

Mensaje del excelentísimo señor presidente de la República generalísimo Doctor Rafael L. Trujillo Molina benefactor de la patria depositado ante el Congreso Nacional el 27 de febrero de 1937, dando cuenta de su administración durante el año 1936. (Registro nro. 31054)

Detalles MARC
000 -CABECERA
campo de control de longitud fija 00704nam a2200157 a 4500
001 - NÚMERO DE CONTROL
campo de control 000031562
005 - FECHA Y HORA DE LA ÚLTIMA TRANSACCIÓN
campo de control 20240229073937.0
008 - DATOS DE LONGITUD FIJA--INFORMACIÓN GENERAL
campo de control de longitud fija 110627s1937 dr c 000 0 spa d
040 ## - FUENTE DE LA CATALOGACIÓN
Centro catalogador/agencia de origen DO-SdBNP
Lengua de catalogación spa
Centro/agencia transcriptor BNPHU
082 ## - NÚMERO DE LA CLASIFICACIÓN DECIMAL DEWEY
Número de clasificación xxxx
Número de documento/Ítem T866m
049 ## - FONDOS LOCALES (OCLC)
Fondos de biblioteca BNPD
100 1# - ENTRADA PRINCIPAL--NOMBRE DE PERSONA
Nombre de persona Trujillo Molina, Rafael Leónidas,
Fechas asociadas al nombre 1891-1961
9 (RLIN) 76764
245 10 - MENCIÓN DE TÍTULO
Título Mensaje del excelentísimo señor presidente de la República generalísimo Doctor Rafael L. Trujillo Molina benefactor de la patria depositado ante el Congreso Nacional el 27 de febrero de 1937, dando cuenta de su administración durante el año 1936.
260 ## - PUBLICACIÓN, DISTRIBUCIÓN, ETC.
Lugar de publicación, distribución, etc. Ciudad Trujillo, República Dominicana :
Nombre del editor, distribuidor, etc. La Opinión,
Fecha de publicación, distribución, etc. 1937.
300 ## - DESCRIPCIÓN FÍSICA
Extensión 66 p. :
Otras características físicas retrs. ;
Dimensiones 22 cm.
Existencias
Estado de retiro Estado de pérdida No para préstamo Código de colección Localización permanente Ubicación/localización actual Ubicación en estantería Fecha de adquisición Número de inventario Total de préstamos Signatura topográfica completa Código de barras Fecha visto por última vez Precio válido a partir de Tipo de ítem Koha
    Excluido de préstamo Patrimonio Dominicano Patrimonio Dominicano Patrimonio Dominicano En catalogación 27.06.2011 LF1   xxxx T866m 31562-10 25.06.2020 25.06.2020 Libro y Folleto Colección Patrimonio Dominicano

Con tecnología Koha